اللغة العربية أصل اللغات كلها / (رقم التسجيلة. 62812)

تفاصيل مارك
000 -الفاتح
عناصر البيانات ثابتة الطول 00628cam a2200169 i 4500
005 - تاريخ ووقت آخر معاملة
حقل ضبط 20260217115228.0
008 - عناصر البيانات ثابتة الطول
عناصر البيانات ثابتة الطول 250721s1998 jo gr 000 0 ara d
082 14 - رقم تصنيف ديوي العشري
رقم التصنيف 410
رقم المادة ب و ر
100 1# - مدخل رئيسي – اسم شخصي
الاسم الشخصي البوريني، عبد الرحمن أحمد
علاقة الشخص بالعمل/ دوره مؤلف.
245 12 - بيان العنوان
العنوان اللغة العربية أصل اللغات كلها /
بيان المسؤولية تأليف عبد الرحمن أحمد البوريني.
264 31 - بيانات النشر، التوزيع…إلخ
مكان النشر، التوزيع...إلخ عمان :
اسم الناشر، الموزع...إلخ دار الحسن للنشر والتوزيع،
تاريخ النشر، التوزيع...إلخ 1998.
300 ## - الوصف المادي
عدد الوحدات المكونة للوعاء 167صفحة.
650 17 - مدخل إضافي بالموضوع - مصطلح موضوعي
مصطلح موضوعي أو اسم جغرافي كعنصر مدخل اللغات.
650 17 - مدخل إضافي بالموضوع - مصطلح موضوعي
مصطلح موضوعي أو اسم جغرافي كعنصر مدخل اللغة العربية.
942 ## - بيانات إضافية (كوها)
نوع التنصيف Dewey Decimal Classification
نوع المادة (كوها) كتب
المقتنيات
حالة السحب حالة الفقدان مصدر التصنيف حالة التلف غير قابل للإعارة المكتبة الرئيسية المكتبة الحالية موقع الرف تاريخ التزويد الرقم المتسلسل Total Checkouts رقم الإستدعاء الباركود تاريخ آخر ظهور تاريخ الفاتورة نوع المادة (كوها)
    Dewey Decimal Classification     المكتبة المركزية المكتبة المركزية الإعارة 17/02/2026 277108   410 / ب و ر PLD00932771080156 17/02/2026 17/02/2026 كتب
    Dewey Decimal Classification     مكتبة الأميرة ايمان العامة مكتبة الأميرة ايمان العامة الإعارة 23/10/2013 [11318]   410/بور PLD00283759 28/07/2025 23/10/2013 كتب
Implemented & Customized by: BBB with SCIT (Smart Chains for Information Technology)

Powered by Koha